Diseno de una practica de laboratorio sobre cromado y niquelado de piezas ferrosas
Gorde:
| Egile nagusia: | |
|---|---|
| Formatua: | Liburua |
| Argitaratua: |
1998
|
| Gaiak: | |
| Etiketak: |
Etiketa erantsi
Etiketarik gabe, Izan zaitez lehena erregistro honi etiketa jartzen!
|
MARC
| LEADER | 00000nam a2200000Ia 4500 | ||
|---|---|---|---|
| 003 | 008518 | ||
| 005 | 20221231144220.0 | ||
| 008 | 140114s1998 cr a m 000 ||s d | ||
| 040 | |c cru CEDI | ||
| 090 | |a TFG 3935 | ||
| 100 | |a Jones Villiers, Myrna |9 8862 | ||
| 245 | |a Diseno de una practica de laboratorio sobre cromado y niquelado de piezas ferrosas | ||
| 260 | |c 1998 | ||
| 300 | |a x, 131 hojas : ilustraciones | ||
| 500 | |a Proyecto de graduación (licenciatura en ingeniería química)--Universidad de Costa Rica. Facultad de Ingeniería. Escuela de Ingeniería química | ||
| 650 | |x CROMADO |x NIQUELADO |x ACABADO DE METALES |9 8863 | ||
| 942 | |c TFG | ||
| 999 | |c 18563 |d 18563 | ||
